00331nam a2200109Ia 4500008004100000082000800041100002100049245003200070942000600102952009800108999001500206240331s9999 xx 000 0 und d bLAL aLal Kumara,W.A.S 0aSri Lankawe lama apyojanaya cL 001040708LaWERCLbWERCLcSSCd2024-03-31l0o 362.76 LALp4550r2024-03-31w2024-03-31yL c5025d5025